000 00850nas a2200289 4500
001 BR0003270
003 BR-BrBNA
005 20231205101927.0
007 ta
008 230509b bl.|||p| |||| 00| 00por d
040 _aBR-BrBNA
_bpor
_cBiblioteca Nacional de Agricultura
041 _a(En)
072 _aL73
100 1 _aLabruna, M.B.
100 1 _aResende, J.S.
100 1 _aMartins, N.R.S.
100 1 _aJorge, M.A.
245 1 _aCrypreservation of an avian spirochete strain in liquid nitrogen
650 _aFrango
650 _aEspiroquetose
650 _aConservacao
650 _aNitrogenio
650 _aLiquido
773 0 _tArquivo Brasileiro de Medicina Veterinaria e Zootecnia (Brazil)
_xISSN 0102-0935
_g(Dec 1999), v. 51(6) p. 551-553
_wBR0003270
909 _a202311
_bLúcia
_c55
_dLúcia Elande
942 _2AGRIS
_n0
_cANA
999 _c164753
_d164753